000 00933nam a22003017a 4500
003 CHAP
005 20220817042000.0
008 971013s1909 r 00010 d
010 _a30823
011 _a31795
035 _a35907
040 _cCHAP
082 _a633.5
_bM3
100 0 0 _aMarqués, A.
_971544
245 _aCulture et preparation du sisal (henequén): étude faite aux Iles Havai
260 _aParis :
_bAugustin Challamel,
_c1909
300 _a96 p.
_b: ilus
490 _aBibliothéque d'agriculture Coloniale
590 _aBATCH-UPD
_b10
_c20130110
_lUCH01
_h1852
590 _aBATCH-UPD
_b10
_c20130410
_lUCH01
_h1221
590 _aBATCH-UPD
_b10
_c20130914
_lUCH01
_h0625
590 _aCONVERSION
_b10
_c20130109
_lUCH01
_h1317
650 1 4 _aHenequén.
_953567
830 0 _aBibliothéque d'agriculture Coloniale
901 _aBK
942 _cLIBRO
949 _a633.5 M3
_bBC
_cBPP
_d-82900
_eBPP
_h22672
_i35907
_si
999 _c30823
_d30823